000 00790nam a2200253 4500
003 DO-SdBNP
005 20180118131244.0
008 160620b xxu||||| |||| 00| 0 spa d
040 _aBPMSU
_bspa
_cBPMSU
082 _a574.87
100 _aRobertis, Eduardo D. P. de,.
245 _aCitología general /
_c por E. D. P. de Robertis ; W. W. Nowinski y F. A. Sáez.
250 _a4a. ed.
260 _aBuenos Aires :
_b El Ateneo,
_c1960
300 _axiv, 604 p. :
_b il., diagrs.
_c ; 23 cm.
504 _aBibliografía al final de cada capítulo.
650 _aCÉLULAS
650 _aCITOLOGÍA
700 _aNowinski, Wiktor W.
700 _aSáez, Francisco A.
942 _2ddc
_cBK
945 _ainventariado, 2018 / dg
956 _aVMATEO
_b10
_c20160620
_dBPMSU
_f00069
999 _c10447
_d10447